[Event "Sabadell op-C 12th"]
[Site "Sabadell"]
[Date "2019.09.10"]
[Round "9.15"]
[White "Alcon Davalos, Marc"]
[Black "Fernandez Pintado, Xavier"]
[Result "1/2-1/2"]
[WhiteElo "1459"]
[BlackElo "1590"]
[PlyCount "50"]
[EventDate "2019.09.02"]
[EventType "swiss"]
[EventRounds "9"]
[EventCountry "ESP"]
[SourceTitle "EXT 2024"]
[Source "ChessBase"]
[SourceDate "2023.10.10"]
[SourceVersion "1"]
[SourceVersionDate "2023.10.10"]
[SourceQuality "1"]

1. e4 c5 2. Nf3 d6 3. c3 g6 4. d4 cxd4 5. cxd4 Bg7 6. Be3 Nf6 7. Nc3 0-0 8. h3 a6 9. Bd3 b5 10. 0-0 Bb7 11. b4 Nbd7 12. Rc1 Rc8 13. Qd2 Re8 14. Rc2 Nb6 15. Qe2 Nfd7 16. Nd2 e6 17. Rfc1 Qe7 18. Nd1 Rxc2 19. Rxc2 d5 20. Nb2 Nc4 21. Bxc4 bxc4 22. a3 Nb6 23. e5 Rc8 24. Rc3 Bc6 25. Qd1 f5 1/2-1/2

[Event "Barcelona Sants op 21st"]
[Site "Barcelona"]
[Date "2019.09.01"]
[Round "10"]
[White "Gamisans Cassi, Marc"]
[Black "Fernandez Pintado, Xavier"]
[Result "0-1"]
[WhiteElo "1647"]
[BlackElo "1590"]
[PlyCount "86"]
[EventDate "2019.08.23"]
[EventType "swiss"]
[EventRounds "10"]
[EventCountry "ESP"]
[SourceTitle "EXT 2020"]
[Source "ChessBase"]
[SourceDate "2019.10.17"]
[SourceVersion "1"]
[SourceVersionDate "2019.10.17"]
[SourceQuality "1"]

1. b4 e5 2. Bb2 d6 3. c4 Nd7 4. e3 f5 5. Nc3 Ngf6 6. Nf3 Be7 7. Qc2 Nb6 8. a4 a5 9. b5 0-0 10. Be2 Ng4 11. 0-0 c5 12. h3 Nh6 13. d4 e4 14. Nd2 Be6 15. Rfd1 cxd4 16. exd4 Qc8 17. d5 Bf7 18. Rac1 Bg6 19. Nb3 Bg5 20. Ra1 Nf7 21. Nd4 Nd8 22. Bc1 Bf6 23. Bf4 Qd7 24. Be3 Qc7 25. Rac1 Rc8 26. Nb1 Nd7 27. Qd2 Nc5 28. Qc2 Be5 29. Nb3 f4 30. Bxc5 dxc5 31. Qd2 f3 32. Bf1 Bf4 33. d6 Qf7 34. Qd5 Bxc1 35. Nxc1 Ne6 36. Nb3 fxg2 37. Bxg2 Qxf2+ 38. Kh1 Qf7 39. Rf1 Qd7 40. Rxf8+ Kxf8 41. Bxe4 Nf4 42. Nxc5 Qxh3+ 43. Kg1 Nxd5 0-1

[Event "Barcelona Sants op 21st"]
[Site "Barcelona"]
[Date "2019.08.28"]
[Round "6"]
[White "Lujan Moreno, Royer Manuel"]
[Black "Fernandez Pintado, Xavier"]
[Result "1/2-1/2"]
[WhiteElo "1518"]
[BlackElo "1590"]
[PlyCount "70"]
[EventDate "2019.08.23"]
[EventType "swiss"]
[EventRounds "10"]
[EventCountry "ESP"]
[SourceTitle "EXT 2020"]
[Source "ChessBase"]
[SourceDate "2019.10.17"]
[SourceVersion "1"]
[SourceVersionDate "2019.10.17"]
[SourceQuality "1"]

1. b3 f5 2. Bb2 e6 3. e3 Nf6 4. Be2 g6 5. d4 Bg7 6. Nf3 0-0 7. c4 c6 8. Nc3 b6 9. h3 Bb7 10. Qd2 d6 11. Rd1 d5 12. 0-0 Nbd7 13. b4 Ne4 14. Nxe4 fxe4 15. Nh2 Nf6 16. f4 exf3 17. Bxf3 Qc7 18. c5 Ba6 19. Rfe1 Bc4 20. Ba1 b5 21. a3 a5 22. Bc3 a4 23. Ng4 Nxg4 24. hxg4 Rac8 25. e4 Qg3 26. Qf2 Qf4 27. e5 Qf7 28. Bd2 Qe7 29. Qg3 Rf7 30. Be3 Bb3 31. Rd2 Bc4 32. Qh3 Rcf8 33. Rdd1 Bb3 34. Rc1 Bc4 35. g5 Bd3 1/2-1/2

[Event "Barcelona Ideal Clave op 20th"]
[Site "Barcelona"]
[Date "2016.10.15"]
[Round "3"]
[White "Gonzalez Lafita, Oscar"]
[Black "Fernandez Pintado, Xavier"]
[Result "1-0"]
[WhiteElo "1879"]
[BlackElo "1673"]
[PlyCount "55"]
[EventDate "2016.10.01"]
[EventType "swiss"]
[EventRounds "8"]
[EventCountry "ESP"]
[SourceTitle "EXT 2018"]
[Source "ChessBase"]
[SourceDate "2017.10.13"]
[SourceVersion "1"]
[SourceVersionDate "2017.10.13"]
[SourceQuality "1"]

1. d4 d5 2. Nf3 Nc6 3. c4 e6 4. Nc3 Bb4 5. Qb3 Nge7 6. Bg5 f6 7. Bf4 0-0 8. e3 e5 9. dxe5 fxe5 10. Nxe5 Rxf4 11. exf4 Be6 12. 0-0-0 d4 13. Nd5 Bc5 14. Nxe7+ Qxe7 15. Re1 Na5 16. Qc2 Qf6 17. g3 Bb4 18. Rd1 Nc6 19. a3 Bf8 20. Bd3 Nxe5 21. fxe5 Qh6+ 22. f4 Bg4 23. Be2 Bxe2 24. Qxe2 c5 25. Qe4 Qa6 26. Qd5+ Kh8 27. Rhf1 Be7 28. Qf7 1-0

[Event "Badalona op-B 42nd"]
[Site "Badalona"]
[Date "2016.08.02"]
[Round "1"]
[White "Fernandez Pintado, Xavier"]
[Black "Ferre Campos, Josep"]
[Result "0-1"]
[WhiteElo "1684"]
[BlackElo "1936"]
[PlyCount "68"]
[EventDate "2016.08.02"]
[EventType "swiss"]
[EventRounds "9"]
[EventCountry "ESP"]
[SourceTitle "CBM 174 Extra"]
[Source "ChessBase"]
[SourceDate "2016.10.10"]
[SourceVersion "1"]
[SourceVersionDate "2016.10.10"]
[SourceQuality "1"]

1. d4 Nf6 2. c4 c5 3. d5 e5 4. Nc3 d6 5. e4 Be7 6. Bd3 Na6 7. a3 Nc7 8. Nge2 a6 9. a4 b6 10. 0-0 Bg4 11. h3 Bh5 12. Qe1 Bg6 13. Ng3 Nh5 14. Nf5 Bxf5 15. exf5 Bg5 16. Bxg5 Qxg5 17. Ne4 Qe7 18. g3 g6 19. Qe2 a5 20. f4 0-0-0 21. fxg6 fxg6 22. Qg4+ Kb8 23. Rae1 exf4 24. Qd1 Qg7 25. g4 Nf6 26. Rxf4 Nxe4 27. Rfxe4 Rhe8 28. Qf3 Rxe4 29. Bxe4 Rf8 30. Qg3 Qxb2 31. Kh1 Qf2 32. Qc3 Re8 33. Rb1 Rxe4 34. Rxb6+ Kc8 0-1

[Event "Barcelona Sant Marti op-B 17th"]
[Site "Barcelona"]
[Date "2015.07.16"]
[Round "4"]
[White "Fernandez Pintado, Xavier"]
[Black "Ramos Alvarez, Maximo"]
[Result "1-0"]
[WhiteElo "1906"]
[BlackElo "2002"]
[PlyCount "57"]
[EventDate "2015.07.13"]
[EventType "swiss"]
[EventRounds "9"]
[EventCountry "ESP"]
[SourceTitle "EXT 2016"]
[Source "ChessBase"]
[SourceDate "2015.10.08"]
[SourceVersion "1"]
[SourceVersionDate "2015.10.08"]
[SourceQuality "1"]

1. d4 Nf6 2. c4 e6 3. Nc3 Bb4 4. Bd2 c5 5. a3 cxd4 6. axb4 dxc3 7. Bxc3 0-0 8. Nf3 d5 9. e3 dxc4 10. Qc2 b5 11. Ng5 g6 12. Ne4 Nxe4 13. Qxe4 Qd5 14. Qf4 f6 15. Be2 Bb7 16. Bf3 Qd7 17. Rd1 Qe7 18. 0-0 Bxf3 19. Qxf3 Qc7 20. Rd2 Nd7 21. Rfd1 Nb6 22. h4 Nd5 23. h5 Nxc3 24. Rd7 Qe5 25. Qb7 Ne2+ 26. Kf1 Qxh5 27. Rg7+ Kh8 28. Rdd7 Ng3+ 29. fxg3 1-0

[Event "Barcelona Sant Marti op-A 4th"]
[Site "Barcelona"]
[Date "2015.03.12"]
[Round "9"]
[White "Molano Lafuente, Ismael"]
[Black "Fernandez Pintado, Xavier"]
[Result "1-0"]
[WhiteElo "1941"]
[BlackElo "1719"]
[PlyCount "83"]
[EventDate "2015.01.15"]
[EventType "swiss"]
[EventRounds "9"]
[EventCountry "ESP"]
[SourceTitle "EXT 2016"]
[Source "ChessBase"]
[SourceDate "2015.10.08"]
[SourceVersion "1"]
[SourceVersionDate "2015.10.08"]
[SourceQuality "1"]

1. c4 c5 2. b3 e5 3. Bb2 d6 4. Nc3 f5 5. g3 Nf6 6. Bg2 Nc6 7. Nd5 Nxd5 8. Bxd5 Ne7 9. Bg2 Ng6 10. e3 Be7 11. Bd5 Bf6 12. Ne2 Ne7 13. Nc3 Nxd5 14. Nxd5 0-0 15. f4 Be6 16. Nxf6+ Qxf6 17. 0-0 Qg6 18. fxe5 d5 19. d3 Rad8 20. Qe2 d4 21. exd4 cxd4 22. Rf4 b5 23. Raf1 bxc4 24. bxc4 Bc8 25. Rxd4 Qb6 26. Qf2 Qc6 27. Re1 Bb7 28. Kf1 Rxd4 29. Bxd4 f4 30. g4 Qg6 31. Ke2 f3+ 32. Kd2 Qh6+ 33. Kc2 Qa6 34. e6 Bc6 35. Bb2 Qa4+ 36. Kc1 Qa5 37. Re5 Qxa2 38. e7 Rb8 39. Qd4 Qxb2+ 40. Qxb2 Rxb2 41. Kxb2 Kf7 42. e8Q+ 1-0

[Event "Barcelona Catalunya op 26th"]
[Site "Barcelona"]
[Date "2014.11.08"]
[Round "6"]
[White "Fernandez Benito, Carlos Pablo"]
[Black "Fernandez Pintado, Xavier"]
[Result "0-1"]
[WhiteElo "1841"]
[BlackElo "1905"]
[PlyCount "84"]
[EventDate "2014.09.27"]
[EventType "swiss"]
[EventRounds "9"]
[EventCountry "ESP"]
[SourceTitle "EXT 2017"]
[Source "ChessBase"]
[SourceDate "2016.10.25"]
[SourceVersion "1"]
[SourceVersionDate "2016.10.25"]
[SourceQuality "1"]

1. d4 c5 2. e3 e6 3. Nf3 Nf6 4. Nbd2 g6 5. c3 Bg7 6. dxc5 0-0 7. Be2 Nc6 8. 0-0 e5 9. e4 b6 10. cxb6 axb6 11. Qc2 d5 12. Bb5 Na7 13. Bd3 Nc6 14. exd5 Nxd5 15. Rd1 Qc7 16. Be4 Nde7 17. Nf1 Bb7 18. Be3 Bc8 19. h3 h6 20. Qc1 Kh7 21. Ng3 f5 22. Bxc6 Nxc6 23. Ne2 f4 24. Bd2 g5 25. Be1 e4 26. Nfd4 f3 27. Ng3 fxg2 28. Nxc6 Qxc6 29. Qe3 Bb7 30. a3 Rf3 31. Qe2 Raf8 32. Rd2 Be5 33. Rad1 Bxg3 34. fxg3 Rf1+ 35. Kxg2 e3+ 36. Rd5 Qg6 37. Qxe3 Re8 38. Qxe8 Qxe8 39. Kxf1 Bxd5 40. Rxd5 Qf7+ 41. Bf2 Qxd5 42. Bxb6 Qb5+ 0-1

[Event "Barcelona Catalunya op 26th"]
[Site "Barcelona"]
[Date "2014.10.04"]
[Round "2"]
[White "Marina de la Torre, Ivan"]
[Black "Fernandez Pintado, Xavier"]
[Result "1-0"]
[WhiteElo "2110"]
[BlackElo "1905"]
[PlyCount "59"]
[EventDate "2014.09.27"]
[EventType "swiss"]
[EventRounds "9"]
[EventCountry "ESP"]
[SourceTitle "EXT 2017"]
[Source "ChessBase"]
[SourceDate "2016.10.25"]
[SourceVersion "1"]
[SourceVersionDate "2016.10.25"]
[SourceQuality "1"]

1. d4 c5 2. c3 d5 3. Nf3 e6 4. e3 Nc6 5. Bd3 c4 6. Bc2 Nf6 7. Nbd2 Bd6 8. 0-0 Qc7 9. e4 e5 10. exd5 Ne7 11. dxe5 Bxe5 12. Qe2 Bd6 13. Nxc4 Bg4 14. Nxd6+ Qxd6 15. h3 h5 16. Qe5 0-0-0 17. Qxd6 Rxd6 18. hxg4 Nxg4 19. Bf4 Rb6 20. Bb3 f6 21. c4 g5 22. Bd2 h4 23. c5 Rb5 24. d6 Rxb3 25. axb3 Nc6 26. b4 h3 27. g3 Nge5 28. Nxe5 Nxe5 29. Bc3 Nf3+ 30. Kh1 1-0

[Event "Catalunya-ch"]
[Site "Barcelona"]
[Date "2002.03.29"]
[Round "6.15"]
[White "Busom Isach, Carlos"]
[Black "Fernandez Pintado, Xavier"]
[Result "1-0"]
[WhiteElo "2244"]
[BlackElo "2032"]
[PlyCount "107"]
[EventDate "2002.03.24"]
[EventType "swiss"]
[EventRounds "9"]
[EventCountry "ESP"]
[SourceTitle "EXT 2003"]
[Source "ChessBase"]
[SourceDate "2002.11.25"]
[SourceVersion "1"]
[SourceVersionDate "2002.11.25"]
[SourceQuality "1"]

1. Nf3 d5 2. d4 Nf6 3. c4 e6 4. Nc3 Be7 5. Bg5 0-0 6. e3 Nbd7 7. Rc1 c6 8. Bd3 h6 9. Bh4 Nh7 10. Bxe7 Qxe7 11. Qc2 Ng5 12. Ne5 Nxe5 13. dxe5 f6 14. f4 Nf7 15. exf6 Qxf6 16. 0-0 Nd6 17. b3 d4 18. exd4 Qxd4+ 19. Kh1 Nf5 20. Rcd1 Qb6 21. Qe2 c5 22. Bb1 Qc6 23. Be4 Qe8 24. Na4 Qe7 25. Qf2 e5 26. fxe5 Qxe5 27. Bd5+ Kh8 28. g4 Be6 29. gxf5 Rxf5 30. Qe1 Bxd5+ 31. cxd5 Rxf1+ 32. Qxf1 Rd8 33. Qg2 b6 34. h3 Rc8 35. Nb2 Rd8 36. Nc4 Qh5 37. Qg4 Qf7 38. Ne5 Qf6 39. Ng6+ Kh7 40. Nf4 g5 41. Ng2 Qe5 42. Qf3 Kg7 43. Ne3 Rf8 44. Nc4 Qe8 45. Qc3+ Kg8 46. Qe3 Qh5 47. Qe6+ Kg7 48. Qg4 Qg6 49. Ne5 Qc2 50. Re1 Rf2 51. Qd7+ Kg8 52. Ng4 Rf1+ 53. Rxf1 Qe4+ 54. Kg1 1-0

[Event "Barceloneta op"]
[Site "Barcelona"]
[Date "2001.10.20"]
[Round "4"]
[White "Fernandez Pintado, Xavier"]
[Black "Marques Rodriguez, Gaspar"]
[Result "1-0"]
[WhiteElo "2033"]
[BlackElo "1865"]
[PlyCount "51"]
[EventDate "2001.09.29"]
[EventType "swiss"]
[EventRounds "9"]
[EventCountry "ESP"]
[SourceTitle "CBM 085 Extra"]
[Source "ChessBase"]
[SourceDate "2002.01.21"]
[SourceVersion "1"]
[SourceVersionDate "2002.01.21"]
[SourceQuality "1"]

1. d4 Nf6 2. Nc3 d5 3. e4 e6 4. e5 Nfd7 5. Qg4 c5 6. Bg5 Qa5 7. 0-0-0 Nc6 8. Nf3 cxd4 9. Nxd4 Ndxe5 10. Qg3 Bb4 11. Nb3 Qb6 12. Be3 Qd8 13. Qxg7 Ng6 14. Ne4 Be7 15. Bc5 Bd7 16. Nd6+ Bxd6 17. Bxd6 Qg5+ 18. f4 Qh5 19. Bd3 0-0-0 20. Qc3 Be8 21. Qc5 Rxd6 22. Qxd6 Nge7 23. Bb5 Bd7 24. Rd3 Rd8 25. Rc3 Be8 26. Qxe7 1-0

[Event "Barceloneta op"]
[Site "Barcelona"]
[Date "2001.10.06"]
[Round "2"]
[White "Fernandez Pintado, Xavier"]
[Black "Orti Albalat, Antonio"]
[Result "1-0"]
[WhiteElo "2033"]
[BlackElo "1890"]
[PlyCount "49"]
[EventDate "2001.09.29"]
[EventType "swiss"]
[EventRounds "9"]
[EventCountry "ESP"]
[SourceTitle "CBM 085 Extra"]
[Source "ChessBase"]
[SourceDate "2002.01.21"]
[SourceVersion "1"]
[SourceVersionDate "2002.01.21"]
[SourceQuality "1"]

1. c4 c6 2. d4 d5 3. Nc3 Nf6 4. Bg5 e6 5. Nf3 Be7 6. e3 Nbd7 7. c5 b6 8. b4 a5 9. b5 cxb5 10. Bxb5 bxc5 11. dxc5 Bxc5 12. 0-0 0-0 13. Qa4 Nb6 14. Qh4 Be7 15. Bd3 g6 16. Ne5 Qc7 17. f4 Qxc3 18. Rac1 Qa3 19. Bxf6 Bxf6 20. Qxf6 Nd7 21. Nxd7 Bxd7 22. Rc3 Qxa2 23. h4 Rfc8 24. h5 Qb2 25. Rxc8+ 1-0

[Event "Barceloneta op"]
[Site "Barcelona"]
[Date "2001.??.??"]
[Round "7"]
[White "Fernandez Pintado, Xavier"]
[Black "Rodenas Balana, Luis"]
[Result "1-0"]
[WhiteElo "1990"]
[BlackElo "1995"]
[PlyCount "84"]
[EventDate "2001.09.29"]
[EventType "swiss"]
[EventRounds "9"]
[EventCountry "ESP"]
[SourceTitle "CBM 085 Extra"]
[Source "ChessBase"]
[SourceDate "2002.01.21"]
[SourceVersion "1"]
[SourceVersionDate "2002.01.21"]
[SourceQuality "1"]

1. d4 d5 2. c4 c6 3. cxd5 cxd5 4. Nc3 Nf6 5. Bg5 e6 6. e3 Be7 7. Bd3 Nc6 8. Nf3 0-0 9. Rc1 Bd7 10. 0-0 Rc8 11. a3 Na5 12. Ne5 a6 13. f4 b5 14. Qe1 Nc4 15. Qh4 h6 16. Bxh6 gxh6 17. Qxh6 Ne4 18. Rf3 Nxe5 19. Rh3 Bh4 20. Rxh4 Qxh4 21. Qxh4 Nxd3 22. Rf1 f5 23. h3 Nxc3 24. bxc3 Rxc3 25. Qe7 Rf7 26. Qd8+ Kh7 27. Qh4+ Kg8 28. Rf3 Rc8 29. Rg3+ Kf8 30. Rg6 b4 31. axb4 Nxb4 32. Rh6 Ke8 33. Rh8+ Rf8 34. Rh7 Nc6 35. g4 a5 36. g5 a4 37. g6 Rg8 38. Qf6 Rxg6+ 39. Qxg6+ Kd8 40. Qg8+ Kc7 41. Qxe6 Rd8 42. Qxd5 Kc8 1-0

[Event "Ideal Clave op"]
[Site "Barcelona"]
[Date "1997.11.22"]
[Round "8"]
[White "Martinez Diaz, Francisco Javier"]
[Black "Fernandez Pintado, Xavier"]
[Result "1/2-1/2"]
[WhiteElo "2005"]
[BlackElo "2005"]
[PlyCount "74"]
[EventDate "1997.09.??"]
[EventType "swiss"]
[EventRounds "9"]
[EventCountry "ESP"]
[SourceTitle "EXT 2003"]
[Source "ChessBase"]
[SourceDate "2002.11.25"]
[SourceVersion "1"]
[SourceVersionDate "2002.11.25"]
[SourceQuality "1"]

1. e4 c5 2. Nf3 Nf6 3. Nc3 d6 4. h3 Nc6 5. d4 cxd4 6. Nxd4 a6 7. Be3 e6 8. Be2 Be7 9. 0-0 Qc7 10. f4 b5 11. Nxc6 Qxc6 12. e5 Ne4 13. Nxe4 Qxe4 14. Bd4 d5 15. c3 Qg6 16. a4 b4 17. Bd3 Qh6 18. Qc2 Bd7 19. cxb4 Bxb4 20. Qe2 a5 21. Bb5 Rb8 22. Bxd7+ Kxd7 23. Bc3 Rhc8 24. Rfc1 Rc4 25. Bxb4 Rbxb4 26. Rxc4 Rxc4 27. Qe3 Kc6 28. b3 Rc5 29. Rc1 Rxc1+ 30. Qxc1+ Kb7 31. Qf1 Kc7 32. Qc1+ Kb7 33. Qf1 Kc7 34. Qb5 Qxf4 35. Qxa5+ Kb7 36. Qb5+ Ka7 37. Qc5+ Kb7 1/2-1/2